000 00243nam a2200109Ia 4500
008 190216s9999||||xx |||||||||||||| ||und||
100 _aSuzee Vik
245 4 _aThe Gre For Dummies
260 _bIdg Books
_c1997
300 _a360p
942 _cREF
999 _c36443
_d36443